Statistics for Languages of Christmas Island

Click here to take the quiz!

General Stats

  • This quiz has been taken 44 times
  • The average score is 3 of 6

Answer Stats

PercentLanguage% Correct
27English
100%
17Mandarin
54%
17Malay
51%
3Cantonese
43%
1Tagalog
43%
1Min Nan
11%

Score Distribution

Percentile by Number Answered

Percent of People with Each Score

Your Score History

You have not taken this quiz